Movies Missing 7-Letter Words Quiz Stats

Quiz Updated Mar 2, 2016

Challenge
Share
Tweet
Embed
Score 0/40 Timer 04:00
0 Plays Today
Title Missing % Correct
The ___ of the Lambs Silence
94.3%
All Quiet on the ___ FrontWestern
91%
___ KaneCitizen
90.3%
The Hunt for Red ___October
89.4%
Wuthering ___Heights
87.9%
___ on 34th StreetMiracle
87.6%
___ SaddlesBlazing
85.8%
Indiana Jones and the Last ___Crusade
85.3%
The Hobbit: An Unexpected ___Journey
83.5%
The Social ___Network
81.2%
The ___ FalconMaltese
79.7%
A ___ of DollarsFistful
78.2%
___ NeverlandFinding
77.9%
Tinker Tailor ___ SpySoldier
76.5%
___ ArizonaRaising
75.4%
The Towering ___Inferno
74.6%
The ___ of HappynessPursuit
74.2%
American ___ XHistory
73.4%
The Boy in the ___ PajamasStriped
71.7%
Scott ___ vs. the WorldPilgrim
71%
Title Missing % Correct
The ___ FieldsKilling
65%
Big ___ in Little ChinaTrouble
64.8%
___ AweighAnchors
60.7%
___ and Old LaceArsenic
60.1%
Roman ___Holiday
59%
___, Mr. ChipsGoodbye
58.6%
The Last ___ ShowPicture
58.3%
A ___ to IndiaPassage
57.1%
___ of the FallLegends
56.8%
The Man Who Shot Liberty ___Valance
55.7%
Muriel's ___Wedding
54.5%
___ for the ProsecutionWitness
52.9%
___ Under FireCourage
48.2%
Star Trek: First ___Contact
47.5%
___ Over BroadwayBullets
46.6%
___ ClaytonMichael
46.6%
The ___ of the DayRemains
44.7%
Event ___ Horizon
44%
Sullivan's ___Travels
33.3%
Notes on a ___Scandal
18.4%

You're not logged in!

Compare scores with friends on all Sporcle quizzes.
Sign Up with Email
OR
Log In

You Might Also Like...

Show Comments

Extras

Top Quizzes Today


Score Distribution

Your Account Isn't Verified!

In order to create a playlist on Sporcle, you need to verify the email address you used during registration. Go to your Sporcle Settings to finish the process.